Practical anatomy and Physiology (Record no. 8415)

MARC details
000 -LEADER
fixed length control field 00322nam a2200121Ia 4500
008 - FIXED-LENGTH DATA ELEMENTS--GENERAL INFORMATION
fixed length control field 191201s2018 xx 000 0 und d
100 ## - MAIN ENTRY--PERSONAL NAME
Personal name GOYAL, RK
245 #0 - TITLE STATEMENT
Title Practical anatomy and Physiology
260 ## - PUBLICATION, DISTRIBUTION, ETC. (IMPRINT)
Name of publisher, distributor, etc BS Shah Prakashan
Place of publication, distribution, etc New Delhi
Date of publication, distribution, etc 2018
300 ## - PHYSICAL DESCRIPTION
Extent 187
650 ## - SUBJECT ADDED ENTRY--TOPICAL TERM
Topical term or geographic name as entry element Human Anatomy & Physiology
942 ## - ADDED ENTRY ELEMENTS (KOHA)
Source of classification or shelving scheme Dewey Decimal Classification
Koha item type Text Books
942 ## - ADDED ENTRY ELEMENTS (KOHA)
-- 2
Holdings
Withdrawn status Lost status Source of classification or shelving scheme Damaged status Not for loan Collection code Home library Current library Date acquired Source of acquisition Cost, normal purchase price Bill Number Total Checkouts Full call number Acc. no. / Barcode Date last seen Actual Cost, discounted price Bill Date Koha item type Date last borrowed Shelving location
    Dewey Decimal Classification     Diploma in Pharmacy PIET C-LIBRARY PIET C-LIBRARY 31/10/2019 Kirti Prakashan 125.00 IN 4580   612 GOP DP818 04/12/2019 100.00 19/08/2019 Text Books    
    Dewey Decimal Classification     Diploma in Pharmacy PIET C-LIBRARY PIET C-LIBRARY 31/10/2019 Kirti Prakashan 125.00 IN 4580 1 612 GOP DP819 23/04/2025 100.00 19/08/2019 Text Books 11/04/2025  
    Dewey Decimal Classification     Diploma in Pharmacy PIET C-LIBRARY PIET C-LIBRARY 31/10/2019 Kirti Prakashan 125.00 IN 4580 1 612 GOP DP820 14/06/2021 100.00 19/08/2019 Text Books 27/02/2021  
    Dewey Decimal Classification     Diploma in Pharmacy PIET C-LIBRARY PIET C-LIBRARY 31/10/2019 Kirti Prakashan 125.00 IN 4580   612 GOP DP821 04/12/2019 100.00 19/08/2019 Reference Books    
    Dewey Decimal Classification     Diploma in Pharmacy PIET C-LIBRARY PIET C-LIBRARY 31/10/2019 Kirti Prakashan 125.00 IN 4580 1 612 GOP DP822 20/07/2020 100.00 19/08/2019 Text Books 11/02/2020 Ref. Sec. R04

Design & Developed by: PIET Central Library
R70 Miles Stone Pattikalyana Samalkha Panipat 132102
mail ID :- [email protected], Phone No:- 0180-2569700 Ex.216